| 000 | 00508nam a22001937a 4500 | ||
|---|---|---|---|
| 008 | 150708b xxu||||| |||| 00| 0 alb d | ||
| 020 | _a9992781807 | ||
| 041 | 0 | _aalb | |
| 080 |
_a342 _x(496.5) |
||
| 100 | _aOmari, Luan ; | ||
| 245 |
_aShteti i së drejtës / _cLuan Omari. |
||
| 260 |
_aTiranë : _bAkademia e Shkencave, _c2002. |
||
| 300 |
_a315 f. ; _c20 cm. |
||
| 505 | _aBibliogr.- L.360, Pa tir. | ||
| 650 | 0 | _aE drejta | |
| 650 | 0 | _aShteti | |
| 650 | 0 | _aE drejta kushtetuese | |
| 942 |
_2udc _cBK |
||
| 999 |
_c1100 _d1100 |
||